[Event "ODEM U25-A Oberhof"]
[Site "?"]
[Date "2013.05.21"]
[Round "4.1"]
[White "Jahncke, Giso"]
[Black "Poetsch, Hagen"]
[Result "1/2-1/2"]
[WhiteElo "2214"]
[BlackElo "2431"]
[PlyCount "47"]
[EventDate "2013.??.??"]

1. c4 b6 2. Nc3 Bb7 3. e4 e5 4. g3 f5 5. Bg2 Nf6 6. d3 Bb4 7. Nge2 O-O 8. O-O
d6 9. Nd5 Nxd5 10. exd5 Bc5 11. d4 Bxd4 12. Nxd4 exd4 13. Qxd4 Nd7 14. b3 Qf6
15. Bb2 Qxd4 16. Bxd4 Rfe8 17. Rfe1 Nc5 18. Rad1 a5 19. f4 Kf7 20. Kf1 Ba6 21.
Rxe8 Rxe8 22. Kf2 Ne4+ 23. Bxe4 Rxe4 24. Bc3 1/2-1/2

[Event "ODEM U25-A Oberhof"]
[Site "?"]
[Date "2013.05.21"]
[Round "4.2"]
[White "Wenninger, Philipp"]
[Black "Goelz, Daniel"]
[Result "0-1"]
[WhiteElo "2220"]
[BlackElo "2137"]
[PlyCount "116"]
[EventDate "2013.??.??"]

1. d4 Nf6 2. Bg5 Ne4 3. Bh4 c5 4. f3 Qa5+ 5. c3 Nd6 6. e3 cxd4 7. exd4 Nc6 8.
Nd2 Nf5 9. Bf2 g6 10. Bd3 d6 11. Ne2 Bg7 12. O-O O-O 13. Nc4 Qc7 14. Ne3 Nxe3
15. Bxe3 e5 16. Qd2 f5 17. d5 Ne7 18. c4 Kh8 19. Rac1 f4 20. Bf2 g5 21. c5 Rd8
22. Be4 g4 23. Qd3 gxf3 24. Qxf3 Bf5 25. Rfd1 Rac8 26. b4 Bxe4 27. Qxe4 Ng8 28.
Bh4 Re8 29. Rc3 Nf6 30. Bxf6 Bxf6 31. Rdc1 Rcd8 32. Rh3 Qf7 33. Nc3 Rg8 34. Rd1
Rg7 35. Nb5 Qd7 36. Rh6 Qxb5 37. Rxf6 dxc5 38. Qxe5 cxb4 39. Rf7 Rdg8 40. Rxg7
Rxg7 41. Qb8+ Rg8 42. Qe5+ Rg7 43. Rc1 Qd7 44. d6 Qg4 45. Qb2 Qe6 46. Rd1 Kg8
47. Qxg7+ Kxg7 48. d7 Qb6+ 49. Kf1 Qd8 50. Kf2 Kf6 51. Kf3 Ke5 52. Re1+ Kd4 53.
Rd1+ Ke5 54. Re1+ Kf5 55. Rd1 a5 56. Rd4 Ke5 57. Re4+ Kd5 58. Re1 a4 0-1

[Event "ODEM U25-A Oberhof"]
[Site "?"]
[Date "2013.05.21"]
[Round "4.3"]
[White "Schirrmacher, Carsten"]
[Black "Cremer, Jan Paul"]
[Result "0-1"]
[WhiteElo "2095"]
[BlackElo "2195"]
[PlyCount "68"]
[EventDate "2013.??.??"]

1. e4 Nf6 2. e5 Nd5 3. d4 d6 4. c4 Nb6 5. exd6 exd6 6. Nc3 Nc6 7. Be3 Be7 8. h3
O-O 9. Nf3 Bf6 10. Be2 Re8 11. O-O Bf5 12. Rc1 d5 13. cxd5 Nb4 14. d6 cxd6 15.
Qb3 a5 16. Rfd1 Rc8 17. d5 Nd7 18. a3 Rxe3 19. fxe3 Bc2 20. Rxc2 Nc5 21. Qc4
Nxc2 22. Rd2 Nxe3 23. Qf4 Qe7 24. Kf2 Bxc3 25. bxc3 Re8 26. Kg1 Nxd5 27. Rxd5
Qxe2 28. Rxd6 h6 29. Rd5 Nd3 30. Qd4 Re3 31. Rd8+ Kh7 32. Qg4 g6 33. Qd4 Ne5
34. Nxe5 Qe1+ 0-1

[Event "ODEM U25-A Oberhof"]
[Site "?"]
[Date "2013.05.21"]
[Round "4.4"]
[White "Figura, Atila"]
[Black "Peters, Tom"]
[Result "1-0"]
[WhiteElo "2381"]
[BlackElo "1852"]
[PlyCount "95"]
[EventDate "2013.??.??"]

1. Nf3 c6 2. g3 d6 3. d4 Bg4 4. Bg2 Nd7 5. O-O Ngf6 6. c4 e5 7. Nc3 Be7 8. h3
Bh5 9. Nh4 O-O 10. Nf5 Ne8 11. d5 c5 12. Qc2 Bg6 13. e4 a6 14. Ne3 Nc7 15. Qe2
Rb8 16. f4 f6 17. h4 b5 18. b3 Qe8 19. f5 Bf7 20. Bf3 Kh8 21. Rf2 Rg8 22. g4 g5
23. fxg6 hxg6 24. Rh2 Kg7 25. Bd2 Rh8 26. Kh1 b4 27. Ncd1 Rh7 28. Ng2 Qh8 29.
Nde3 Rg8 30. a3 a5 31. Qf2 Kf8 32. Kg1 Be8 33. Kf1 g5 34. Nf5 Bg6 35. Nfe3 gxh4
36. Nxh4 Ne8 37. axb4 axb4 38. Ke2 Bd8 39. Rah1 Bf7 40. Nef5 Bc7 41. Bh6+ Rxh6
42. Ng6+ Rgxg6 43. Rxh6 Rxh6 44. Rxh6 Qg8 45. Qh4 Qg5 46. Rh8+ Bg8 47. Qh7 Bd8
48. Nh6 1-0

[Event "ODEM U25-A Oberhof"]
[Site "?"]
[Date "2013.05.21"]
[Round "4.5"]
[White "Grewenig, Jan"]
[Black "Schwedek, Tony"]
[Result "1-0"]
[WhiteElo "2002"]
[BlackElo "1933"]
[PlyCount "79"]
[EventDate "2013.??.??"]

1. e4 c5 2. Nf3 d6 3. d4 cxd4 4. Nxd4 Nf6 5. Nc3 a6 6. Bg5 Nbd7 7. Bc4 Qb6 8.
Nb3 Qc7 9. Bd3 e6 10. f4 Be7 11. Qf3 O-O 12. O-O-O Rb8 13. g4 b5 14. Qh3 e5 15.
Nd5 Qd8 16. Nd4 Bb7 17. Nf5 Bxd5 18. exd5 g6 19. fxe5 gxf5 20. exf6 Bxf6 21.
Bxf6 Qxf6 22. Bxf5 Qg5+ 23. Kb1 Nf6 24. Qg3 Rbd8 25. h4 Qg7 26. g5 Rfe8 27. Qf4
Nd7 28. Qxd6 Ne5 29. Qf6 Qf8 30. d6 Nc4 31. h5 Rxd6 32. Bxh7+ Kxh7 33. Rxd6
Nxd6 34. g6+ Kg8 35. gxf7+ Qxf7 36. Qxd6 Re6 37. Rg1+ Kh8 38. Qd8+ Kh7 39. b3
Rf6 40. Rd1 1-0

[Event "ODEM U25-A Oberhof"]
[Site "?"]
[Date "2013.05.21"]
[Round "4.6"]
[White "Stabernack, Joschi"]
[Black "Wurm, Alexander"]
[Result "1/2-1/2"]
[WhiteElo "2022"]
[BlackElo "2081"]
[PlyCount "141"]
[EventDate "2013.??.??"]

1. e4 e6 2. d4 d5 3. Nc3 Bb4 4. exd5 exd5 5. Bd3 Nf6 6. Nf3 O-O 7. Be2 Bg4 8.
O-O c6 9. Ne5 Bxe2 10. Nxe2 Bd6 11. Bg5 Re8 12. f4 c5 13. c3 Nc6 14. Ng3 cxd4
15. cxd4 Re6 16. Nf5 Qa5 17. Bxf6 Rxf6 18. Qg4 Bf8 19. h4 Qb4 20. Rad1 Re8 21.
h5 Nxe5 22. fxe5 Rxe5 23. Ne7+ Rxe7 24. Rxf6 Re4 25. Rf4 Rxf4 26. Qxf4 Qxb2 27.
Rf1 f6 28. Qg4 Qb6 29. Re1 f5 30. Qf4 Qf6 31. Qe5 Qf7 32. Rc1 g6 33. Rc7 Bg7
34. Rc8+ Bf8 35. Rd8 b6 36. a4 a6 37. Rb8 b5 38. axb5 axb5 39. Rxb5 Bg7 40.
Rb8+ Bf8 41. Rd8 f4 42. Kf2 gxh5 43. Qxd5 Qxd5 44. Rxd5 h4 45. Kf3 Bh6 46. Kg4
Kf7 47. Kxh4 Ke6 48. Rb5 Bg7 49. d5+ Ke5 50. Kg4 Bf8 51. d6+ Kxd6 52. Kxf4 Ke6
53. Rb6+ Kf7 54. Kf5 Bc5 55. Rb7+ Kg8 56. Kg5 Be3+ 57. Kh5 Bc5 58. g4 Be3 59.
g5 Bc5 60. Rc7 Bd6 61. Rd7 Bb4 62. g6 hxg6+ 63. Kxg6 Kf8 64. Kf6 Bc3+ 65. Ke6
Bb2 66. Rf7+ Kg8 67. Rf2 Bc3 68. Rg2+ Kf8 69. Rg6 Bd4 70. Rf6+ Bxf6 71. Kxf6
1/2-1/2

[Event "ODEM U25-A Oberhof"]
[Site "?"]
[Date "2013.05.21"]
[Round "4.7"]
[White "Schirra, Felix"]
[Black "Galkin, Wladislaw"]
[Result "0-1"]
[WhiteElo "1711"]
[BlackElo "2066"]
[PlyCount "128"]
[EventDate "2013.??.??"]

1. e4 e5 2. f4 exf4 3. Nf3 Be7 4. Bc4 Bh4+ 5. Kf1 d6 6. d4 Bg4 7. Bxf4 Ne7 8.
h3 Bxf3 9. Qxf3 O-O 10. g3 d5 11. Bd3 dxe4 12. Qxe4 Ng6 13. gxh4 Qf6 14. Nc3
Qxf4+ 15. Qxf4 Nxf4 16. Be4 c6 17. Kf2 Nd7 18. Kg3 Nh5+ 19. Kf3 Nhf6 20. Rae1
Rfe8 21. Re2 Nb6 22. Rhe1 Kf8 23. a4 Rad8 24. Rd1 Nxe4 25. Rxe4 Rxe4 26. Kxe4
Re8+ 27. Kf3 Nc4 28. d5 Nxb2 29. Rd4 cxd5 30. Rb4 Nc4 31. Nxd5 Nd6 32. c4 Rc8
33. Ne3 a5 34. Rb6 Nxc4 35. Rxb7 Nxe3 36. Kxe3 Rc3+ 37. Kd4 Rxh3 38. Rb8+ Ke7
39. Rb7+ Kf6 40. Rb6+ Kf5 41. Rb5+ Kg6 42. Rg5+ Kf6 43. Rh5 g6 44. Rxa5 Rxh4+
45. Ke3 Rh1 46. Kf4 Rf1+ 47. Kg4 h5+ 48. Kh4 Rh1+ 49. Kg3 g5 50. Ra6+ Kf5 51.
Ra5+ Kg6 52. Ra8 Ra1 53. a5 Kf5 54. a6 Ra3+ 55. Kg2 Kg4 56. a7 f5 57. Kh2 f4
58. Kg2 h4 59. Kh2 Ra2+ 60. Kg1 h3 61. Kf1 Kf3 62. Kg1 h2+ 63. Kh1 Kg3 64. Rg8
Ra1# 0-1

[Event "ODEM U25-A Oberhof"]
[Site "?"]
[Date "2013.05.21"]
[Round "4.8"]
[White "Carow, Annelen"]
[Black "Askri, Samir"]
[Result "1/2-1/2"]
[WhiteElo "2025"]
[BlackElo "1785"]
[PlyCount "121"]
[EventDate "2013.??.??"]

1. d4 Nf6 2. c4 g6 3. Nc3 d5 4. cxd5 Nxd5 5. Bd2 Bg7 6. e4 Nxc3 7. Bxc3 O-O 8.
Bc4 c5 9. d5 Bxc3+ 10. bxc3 Nd7 11. Nf3 Nb6 12. Be2 Bd7 13. c4 Bg4 14. Nd2 Bxe2
15. Qxe2 e6 16. O-O Re8 17. Qf3 Qg5 18. Rfd1 exd5 19. cxd5 c4 20. a4 Rac8 21.
Qc3 Nd7 22. g3 Qe5 23. Rdc1 f5 24. Qxe5 Nxe5 25. exf5 c3 26. Ne4 Nf3+ 27. Kg2
Rxe4 28. Kxf3 Rd4 29. fxg6 hxg6 30. Ra3 c2 31. Ra2 Rd1 32. Rcxc2 Rf8+ 33. Kg2
Rxd5 34. Rc7 Rf7 35. Rxf7 Kxf7 36. Rb2 b6 37. Rb4 Ke6 38. Kf3 Kf6 39. h4 Rd1
40. Rc4 Ra1 41. Rf4+ Kg7 42. Ke3 Kh6 43. Kd3 g5 44. hxg5+ Kxg5 45. Kc3 a6 46.
Kd3 Ra3+ 47. Kc2 b5 48. axb5 axb5 49. Kb2 Rd3 50. f3 b4 51. Rf8 Re3 52. g4 Rc3
53. Rf5+ Kg6 54. f4 Rg3 55. Rg5+ Kf6 56. Kc2 Rc3+ 57. Kd2 Rg3 58. Kc2 Rc3+ 59.
Kb2 Rg3 60. Rg8 Kf7 61. Rg5 1/2-1/2

[Event "ODEM U25-A Oberhof"]
[Site "?"]
[Date "2013.05.21"]
[Round "4.9"]
[White "Boehning, Kilian"]
[Black "Frischmann, Rick"]
[Result "1-0"]
[WhiteElo "1882"]
[BlackElo "2254"]
[PlyCount "99"]
[EventDate "2013.??.??"]

1. e4 a6 2. d4 b5 3. Bd3 Bb7 4. Bf4 e6 5. Nf3 Nf6 6. Nbd2 c5 7. c3 Be7 8. O-O
d5 9. e5 Nfd7 10. Ne1 Nc6 11. Be3 Qb6 12. Nc2 h5 13. a3 Ndxe5 14. dxe5 d4 15.
cxd4 cxd4 16. Nxd4 Nxd4 17. Nb3 Qc6 18. f3 Nxb3 19. Qxb3 Bc5 20. Be2 Qb6 21.
Kf2 Bd5 22. Qc3 Bxe3+ 23. Qxe3 Qxe3+ 24. Kxe3 f6 25. exf6 gxf6 26. Rac1 Kd7 27.
Rfd1 Rhg8 28. g3 f5 29. Rd4 Kd6 30. Rcd1 Rac8 31. Rh4 Rc2 32. Rd2 Rgc8 33. Rxh5
Rxd2 34. Kxd2 Ke5 35. g4 Bb3 36. Bd3 Kf4 37. gxf5 Kxf3 38. fxe6 Bxe6 39. Rh6
Re8 40. h4 Kf4 41. Kc3 Ke3 42. Bg6 Rd8 43. Rh5 Rc8+ 44. Kb4 Kd4 45. Rg5 Rc4+
46. Ka5 Ra4+ 47. Kb6 Bd7 48. h5 b4 49. h6 bxa3 50. h7 1-0

[Event "ODEM U25-A Oberhof"]
[Site "?"]
[Date "2013.05.21"]
[Round "4.10"]
[White "Noetzel, Felix"]
[Black "Celmer, Ole"]
[Result "1/2-1/2"]
[WhiteElo "2101"]
[BlackElo "1882"]
[PlyCount "64"]
[EventDate "2013.??.??"]

1. e4 e5 2. Nf3 Nc6 3. d4 exd4 4. c3 d5 5. exd5 Qxd5 6. cxd4 Bg4 7. Be2 Bb4+ 8.
Nc3 Bxf3 9. Bxf3 Qc4 10. Qb3 Qxb3 11. axb3 Nge7 12. O-O O-O 13. Bf4 Nxd4 14.
Rfd1 Nxf3+ 15. gxf3 c6 16. Rd7 Ng6 17. Be3 a5 18. Rxb7 Ne5 19. Kg2 Ng6 20. Kf1
Rab8 21. Rc7 Rfc8 22. Rxc8+ Rxc8 23. Ne4 h6 24. Rd1 Rb8 25. Rc1 Be7 26. Nd2 Bf6
27. Rxc6 Bxb2 28. Rc5 Ba3 29. Rxa5 Bb4 30. Ra7 Bxd2 31. Bxd2 Rxb3 32. Be3 Rb5
1/2-1/2

[Event "ODEM U25-A Oberhof"]
[Site "?"]
[Date "2013.05.21"]
[Round "4.12"]
[White "Pixa, Richard"]
[Black "Khrapko, Marko"]
[Result "1-0"]
[WhiteElo "1920"]
[BlackElo "1818"]
[PlyCount "81"]
[EventDate "2013.??.??"]

1. d4 Nf6 2. c4 e6 3. Nc3 b6 4. e4 Bb4 5. Qc2 Bb7 6. Bd3 Bxc3+ 7. bxc3 d5 8.
cxd5 exd5 9. e5 Ne4 10. Ba3 Qg5 11. g3 Qh5 12. Be2 Qf5 13. f3 Nd6 14. Bd3 Qe6
15. Bxd6 cxd6 16. f4 dxe5 17. fxe5 Nc6 18. Nf3 Rc8 19. O-O Nb4 20. Qa4+ Nc6 21.
Ng5 Qh6 22. Nxf7 Qe3+ 23. Kh1 Qxd3 24. Nd6+ Ke7 25. Nxb7 Qe4+ 26. Kg1 Qe3+ 27.
Kg2 Qxc3 28. Nd6 Rcf8 29. Nf5+ Kd8 30. Nxg7 Qd2+ 31. Kh1 Rf2 32. Rxf2 Qxf2 33.
Qxc6 Qf3+ 34. Kg1 Qe3+ 35. Kg2 Qe4+ 36. Kh3 b5 37. Qd6+ Kc8 38. Rc1+ Kb7 39.
Qd7+ Ka6 40. Rc7 Qg4+ 41. Qxg4 1-0

[Event "ODEM U25-A Oberhof"]
[Site "?"]
[Date "2013.05.21"]
[Round "4.13"]
[White "Reimers, Juri"]
[Black "Schreiber, Kevin"]
[Result "1/2-1/2"]
[WhiteElo "1751"]
[BlackElo "1886"]
[PlyCount "103"]
[EventDate "2013.??.??"]

1. c4 e5 2. g3 d6 3. Bg2 g6 4. Nc3 Bg7 5. d3 c6 6. e3 f5 7. Nge2 Be6 8. O-O Nf6
9. b4 O-O 10. Rb1 d5 11. cxd5 cxd5 12. d4 e4 13. Na4 g5 14. Nc5 Bc8 15. a4 b6
16. Nb3 Bd7 17. b5 a5 18. Ba3 Rf7 19. Qc2 Bf8 20. Qa2 Bxa3 21. Qxa3 Qe7 22.
Qxe7 Rxe7 23. Rbc1 Ne8 24. Nd2 Be6 25. Rc3 Raa7 26. Rfc1 Rac7 27. Rxc7 Rxc7 28.
Rxc7 Nxc7 29. h4 h6 30. hxg5 hxg5 31. f4 g4 32. Nc3 Kf8 33. Bf1 Ne8 34. Nd1 Nd6
35. Nb2 Ke7 36. Kf2 Nd7 37. Be2 Nf6 38. Bf1 Kd8 39. Be2 Kc7 40. Ke1 Kb7 41. Bf1
Bd7 42. Nb1 Nfe8 43. Nc3 Nc7 44. Kd2 Be6 45. Be2 Nce8 46. Ke1 Nf6 47. Nb1 Nc4
48. Nxc4 dxc4 49. Nc3 Kc7 50. Bf1 Kd6 51. Be2 Bd5 52. Bf1 1/2-1/2

[Event "ODEM U25-A Oberhof"]
[Site "?"]
[Date "2013.05.21"]
[Round "4.14"]
[White "Feldheim, Jonas"]
[Black "Kardoeus, David"]
[Result "0-1"]
[WhiteElo "2024"]
[BlackElo "1894"]
[PlyCount "88"]
[EventDate "2013.??.??"]

1. e4 c5 2. Nc3 d6 3. d4 cxd4 4. Qxd4 Nc6 5. Bb5 Bd7 6. Bxc6 bxc6 7. f4 Qb6 8.
Qd3 g6 9. b3 Bg7 10. Bb2 Nf6 11. h3 O-O 12. O-O-O Rfc8 13. e5 dxe5 14. fxe5 Nd5
15. Nxd5 cxd5 16. g4 Bb5 17. Qd4 Bh6+ 18. Kb1 Be3 19. Qxb6 axb6 20. a4 Bc6 21.
Bd4 Bh6 22. Bxb6 Bxa4 23. bxa4 Rcb8 24. Rxd5 Rxb6+ 25. Rb5 Rba6 26. Ne2 Rxa4
27. Kb2 R8a5 28. Rb8+ Kg7 29. Nc3 Bf4 30. Kb3 Ra3+ 31. Kb4 Bxe5 32. Rc8 Bxc3+
33. Rxc3 R5a4+ 34. Kb5 Rxc3 35. Kxa4 Rxc2 36. Kb3 Rc8 37. g5 h6 38. h4 hxg5 39.
hxg5 Rc5 40. Rg1 f6 41. Re1 Rxg5 42. Rxe7+ Kh6 43. Kc3 Rd5 44. Kc4 Rd8 0-1

[Event "ODEM U25-A Oberhof"]
[Site "?"]
[Date "2013.05.21"]
[Round "4.15"]
[White "Weber, Daniel"]
[Black "Stark, Timo"]
[Result "1/2-1/2"]
[WhiteElo "1897"]
[BlackElo "1843"]
[PlyCount "91"]
[EventDate "2013.??.??"]

1. e4 e6 2. d4 d5 3. Nc3 Bb4 4. e5 Ne7 5. Qg4 Ng6 6. a3 Be7 7. f4 f5 8. Qh5 Nd7
9. Nf3 Ndf8 10. Be3 Bd7 11. Bd3 c6 12. g4 fxg4 13. Qxg4 Bh4+ 14. Kd2 Qe7 15.
Rag1 O-O-O 16. Nxh4 Nxh4 17. Qxg7 Nfg6 18. Qxe7 Nxe7 19. Rg4 Nef5 20. Bxf5 Nxf5
21. Ne2 h5 22. Rg5 h4 23. Rhg1 h3 24. Bf2 Rdf8 25. c3 Be8 26. Kc2 Bh5 27. Ng3
Nxg3 28. Bxg3 Bf3 29. Kd2 Be4 30. Ke3 Rf7 31. Be1 Rhf8 32. R1g4 Bf5 33. Rh4 b5
34. Rgh5 a5 35. Rh8 Kd7 36. R4h6 Ke8 37. Bh4 Rxh8 38. Rxh8+ Rf8 39. Rh5 Rg8 40.
Bg5 Kf7 41. Rh6 Rg6 42. Rh7+ Rg7 43. Rh8 Rg8 44. Rh4 Rg7 45. Rh6 Rg6 46. Rh7+
1/2-1/2

[Event "ODEM U25-A Oberhof"]
[Site "?"]
[Date "2013.05.21"]
[Round "4.16"]
[White "Boehm, Malte"]
[Black "Torzinski, Nils"]
[Result "1-0"]
[WhiteElo "1992"]
[BlackElo "1805"]
[PlyCount "91"]
[EventDate "2013.??.??"]

1. c4 e6 2. Nf3 Nf6 3. g3 d5 4. Bg2 Be7 5. O-O O-O 6. d3 c5 7. Nbd2 Nc6 8. e4
dxe4 9. dxe4 e5 10. b3 Qc7 11. Bb2 Bg4 12. Qc2 Rad8 13. a3 Rd7 14. h3 Bh5 15.
g4 Bg6 16. Rfe1 Rfd8 17. Nf1 Rd3 18. Ng3 Qb6 19. Bc3 Qc7 20. Qb2 Nd7 21. Nf5
Bxf5 22. exf5 f6 23. Nd2 Nb6 24. Nf1 Nd4 25. Ne3 Nc6 26. Nd5 Nxd5 27. Bxd5+ Kh8
28. Kg2 R3xd5 29. cxd5 Rxd5 30. Rad1 Nd4 31. Bxd4 exd4 32. Re6 Rd7 33. Rde1 Kg8
34. Qe2 Kf8 35. h4 a6 36. h5 h6 37. Qe4 Kf7 38. f4 Kf8 39. g5 Kf7 40. Kh3 d3
41. gxf6 gxf6 42. Qg2 Qd8 43. Qg6+ Kf8 44. Qxh6+ Ke8 45. Qg6+ Kf8 46. h6 1-0

[Event "ODEM U25-A Oberhof"]
[Site "?"]
[Date "2013.05.21"]
[Round "4.17"]
[White "Valet, Alexander"]
[Black "Yin, Stanley"]
[Result "1/2-1/2"]
[WhiteElo "1910"]
[BlackElo "2018"]
[PlyCount "70"]
[EventDate "2013.??.??"]

1. e4 d5 2. exd5 Qxd5 3. Nc3 Qa5 4. d4 c6 5. Bc4 Nf6 6. Nge2 Bf5 7. Ng3 Bg6 8.
Qe2 e6 9. O-O Be7 10. f4 Bf5 11. Nxf5 Qxf5 12. Bd3 Qg4 13. Qe5 Nbd7 14. Qc7 Rb8
15. Be3 O-O 16. f5 Bd8 17. Qd6 Rc8 18. h3 Qh4 19. Bf2 Qh6 20. fxe6 Bc7 21.
exf7+ Rxf7 22. Qb4 Nb6 23. Bc4 Nxc4 24. Qxc4 Qf4 25. g3 Qf5 26. Kg2 Qxc2 27.
Rae1 Nd5 28. Re2 Qf5 29. Nxd5 Qf3+ 30. Kg1 cxd5 31. Qc2 Rcf8 32. Re3 Qh5 33.
Kg2 Qg5 34. Qe2 Qf6 35. Re8 Rxe8 1/2-1/2

[Event "ODEM U25-A Oberhof"]
[Site "?"]
[Date "2013.05.21"]
[Round "4.18"]
[White "Stein, Daniel"]
[Black "Alten, Silvio"]
[Result "0-1"]
[WhiteElo "1823"]
[BlackElo "1878"]
[PlyCount "22"]
[EventDate "2013.??.??"]

1. e4 e6 2. d4 d5 3. Nd2 Be7 4. Bd3 dxe4 5. Nxe4 Nf6 6. Nf3 Nbd7 7. O-O O-O 8.
Bf4 c5 9. c3 cxd4 10. cxd4 Nd5 11. Bg3 f5 0-1

[Event "ODEM U25-A Oberhof"]
[Site "?"]
[Date "2013.05.21"]
[Round "4.19"]
[White "Reisberg, Andre"]
[Black "Herbrig, Marie-Helen"]
[Result "1-0"]
[WhiteElo "1975"]
[BlackElo "1762"]
[PlyCount "69"]
[EventDate "2013.??.??"]

1. d4 Nf6 2. c4 e6 3. Nf3 Bb4+ 4. Bd2 Qe7 5. Qc2 b6 6. Nc3 Bb7 7. a3 Bxc3 8.
Bxc3 Ne4 9. Nd2 f5 10. Nxe4 Bxe4 11. Qd2 Bb7 12. d5 e5 13. g3 d6 14. Bg2 Nd7
15. b4 O-O 16. Rc1 Rae8 17. O-O g5 18. Bb2 Rf7 19. Qc3 Nf6 20. Qd3 Bc8 21. c5
f4 22. cxd6 cxd6 23. Rc3 Ng4 24. Rxc8 Rxc8 25. Bh3 h5 26. f3 fxg3 27. hxg3 Rcf8
28. fxg4 Rxf1+ 29. Bxf1 hxg4 30. Qg6+ Qg7 31. Qxd6 Re8 32. Qc6 Rd8 33. Qe6+ Kh8
34. Bxe5 Rf8 35. Qh6+ 1-0

[Event "ODEM U25-A Oberhof"]
[Site "?"]
[Date "2013.05.21"]
[Round "4.20"]
[White "Hoepfner, Tim"]
[Black "Lagunow, Elina"]
[Result "1-0"]
[WhiteElo "1955"]
[BlackElo "1759"]
[PlyCount "77"]
[EventDate "2013.??.??"]

1. d4 Nf6 2. c4 g6 3. Nc3 Bg7 4. e4 d6 5. f3 O-O 6. Be3 Nc6 7. Nge2 a6 8. Nc1
e5 9. d5 Nd4 10. N1e2 Nxe2 11. Bxe2 c6 12. O-O cxd5 13. cxd5 Bd7 14. Qb3 b5 15.
a4 bxa4 16. Nxa4 Rb8 17. Nb6 Bc8 18. Rfc1 Nd7 19. Rc6 Nc5 20. Bxc5 dxc5 21.
Bxa6 Bd7 22. Rd6 Ba4 23. Rxd8 Bxb3 24. Rxb8 Rxb8 25. Nd7 Ra8 26. Nxc5 Bc4 27.
b3 Bb5 28. Ra5 Bf8 29. Rxb5 Bxc5+ 30. Rxc5 Rxa6 31. Rc6 Ra1+ 32. Kf2 Rb1 33.
Rb6 Rb2+ 34. Ke3 Rxg2 35. d6 Rg1 36. d7 Rd1 37. Rb8+ Kg7 38. d8=Q Rxd8 39. Rxd8
1-0

[Event "ODEM U25-A Oberhof"]
[Site "?"]
[Date "2013.05.21"]
[Round "4.22"]
[White "Hartewig, Philipp"]
[Black "Goettel, Tobias"]
[Result "1-0"]
[WhiteElo "1811"]
[BlackElo "1989"]
[PlyCount "115"]
[EventDate "2013.??.??"]

1. d4 Nf6 2. c4 g6 3. Nc3 d5 4. cxd5 Nxd5 5. e4 Nxc3 6. bxc3 c5 7. Bb5+ Bd7 8.
Bxd7+ Qxd7 9. Nf3 Bg7 10. Be3 Nc6 11. O-O cxd4 12. cxd4 O-O 13. Rb1 Rfd8 14. d5
Na5 15. Bd4 e6 16. Bxg7 Kxg7 17. Qd4+ Kg8 18. Ne5 Qd6 19. Ng4 Kf8 20. Qh8+ Ke7
21. Qf6+ Ke8 22. Ne5 Qe7 23. Qh8+ Qf8 24. Qxh7 Rd6 25. Rbc1 Qe7 26. Rc3 exd5
27. exd5 Rxd5 28. Re3 Rxe5 29. Qh8+ Kd7 30. Qxe5 Qxe5 31. Rxe5 Nc4 32. Rd1+ Kc6
33. Re7 Nd6 34. Rc1+ Kd5 35. f4 Re8 36. Rd1+ Kc5 37. Rc7+ Kb6 38. Rd7 Nc4 39.
Rb1+ Ka6 40. Rbxb7 Re2 41. Rxf7 Ne3 42. Rxa7+ Kb6 43. Rae7 Rxg2+ 44. Kh1 Re2
45. Rf6+ Kc5 46. Rxg6 Kd4 47. Rg3 Re1+ 48. Rg1 Re2 49. Rd1+ Kc3 50. Rb1 Kc2 51.
Rg1 Kd3 52. a4 Ra2 53. Ra7 Ke4 54. Re1 Kf3 55. Re7 Ng4 56. Rf1+ Nf2+ 57. Kg1
Rb2 58. Rg7 1-0

[Event "ODEM U25-A Oberhof"]
[Site "?"]
[Date "2013.05.21"]
[Round "4.23"]
[White "Beck, Michael"]
[Black "Nobis, Philipp"]
[Result "1/2-1/2"]
[WhiteElo "1985"]
[BlackElo "1716"]
[PlyCount "70"]
[EventDate "2013.??.??"]

1. e4 c5 2. d3 Nc6 3. g3 g6 4. Bg2 Bg7 5. Nf3 d6 6. O-O Bd7 7. h3 Nf6 8. Nc3
O-O 9. Be3 h6 10. Ne1 Ne8 11. Qd2 Kh7 12. f4 f5 13. Nf3 e6 14. e5 Qb6 15. Rab1
dxe5 16. Na4 Qb4 17. Nxc5 Qxd2 18. Bxd2 Rf7 19. Nxd7 Rxd7 20. Rfe1 exf4 21.
Bxf4 g5 22. Bd2 e5 23. Bc3 Re7 24. Nd2 Nd6 25. a4 Rae8 26. Re2 Nd4 27. Bxd4
exd4 28. Rxe7 Rxe7 29. Kf2 Rc7 30. Rc1 Kg6 31. Bd5 h5 32. Nc4 Nxc4 33. Bxc4 Re7
34. Re1 Rxe1 35. Kxe1 g4 1/2-1/2

[Event "ODEM U25-A Oberhof"]
[Site "?"]
[Date "2013.05.21"]
[Round "4.24"]
[White "Gamisch, Laura"]
[Black "Faldum, Manfred"]
[Result "0-1"]
[WhiteElo "1763"]
[BlackElo "1865"]
[PlyCount "64"]
[EventDate "2013.??.??"]

1. d4 Nf6 2. c4 g6 3. Nc3 Bg7 4. e4 d6 5. Nf3 O-O 6. Be2 e5 7. O-O Nc6 8. d5
Ne7 9. b4 Nd7 10. Ne1 f5 11. f3 f4 12. Bd2 g5 13. Nd3 Nf6 14. c5 Ng6 15. Nf2
Rf7 16. cxd6 cxd6 17. Rc1 h5 18. a4 Bf8 19. Be1 Rg7 20. h3 Nh4 21. Rc2 Ng6 22.
b5 Nh8 23. Na2 Nf7 24. Rc3 Nh6 25. Nb4 g4 26. hxg4 hxg4 27. fxg4 Nhxg4 28. Nxg4
Nxg4 29. Nc2 Be7 30. Bf3 Qb6+ 31. Bf2 Nxf2 32. Rxf2 Bh4 0-1

[Event "ODEM U25-A Oberhof"]
[Site "?"]
[Date "2013.05.21"]
[Round "4.25"]
[White "Gubela, Hans-Erich"]
[Black "Baudy, Niklas"]
[Result "1-0"]
[WhiteElo "1788"]
[BlackElo "1675"]
[PlyCount "123"]
[EventDate "2013.??.??"]

1. e3 e6 2. b3 Nf6 3. Bb2 d5 4. f4 c5 5. Nf3 Be7 6. Be2 O-O 7. O-O Nc6 8. Bb5
Bd7 9. d3 a6 10. Bxc6 Bxc6 11. Ne5 Qb6 12. Qe2 Qc7 13. Ng4 Qd8 14. Ne5 d4 15.
Nxc6 bxc6 16. e4 Qc7 17. Nd2 Nd7 18. Nc4 Nb6 19. Nxb6 Qxb6 20. Kh1 Ra7 21. f5
e5 22. Rf3 Bg5 23. g3 Rd7 24. h4 Be7 25. f6 gxf6 26. Rxf6 Bxf6 27. Qg4+ Bg7 28.
Qxd7 Rd8 29. Qf5 Qc7 30. Rf1 Qd7 31. Qxd7 Rxd7 32. Ba3 Bf8 33. Rf6 Rd6 34. Rxd6
Bxd6 35. Kg2 Kg7 36. Kf3 Kg6 37. g4 h5 38. Bc1 Be7 39. Kg3 Bf6 40. Bd2 Bd8 41.
Kh3 a5 42. g5 Kg7 43. Kg3 Kf8 44. Kf3 Ke7 45. c4 Kd7 46. a3 Be7 47. Bxa5 Kc8
48. Ke2 Kb7 49. Be1 Kb6 50. Kd2 Ka6 51. Kc2 Kb7 52. b4 cxb4 53. axb4 c5 54. Kb3
Kb6 55. bxc5+ Bxc5 56. Bb4 Kc6 57. Bxc5 Kxc5 58. Ka4 Kc6 59. Kb4 Kb6 60. c5+
Kc7 61. Kb5 Kb7 62. c6+ 1-0

[Event "ODEM U25-A Oberhof"]
[Site "?"]
[Date "2013.05.21"]
[Round "4.26"]
[White "Engers, Felix"]
[Black "Stark, Sven"]
[Result "0-1"]
[WhiteElo "1804"]
[BlackElo "1862"]
[PlyCount "70"]
[EventDate "2013.??.??"]

1. c4 c5 2. g3 Nc6 3. Bg2 Nf6 4. Nc3 e6 5. e4 Be7 6. Nge2 d6 7. O-O O-O 8. d3
Rb8 9. h3 a6 10. Be3 b5 11. Qd2 Qc7 12. f4 h6 13. f5 Bd7 14. Nf4 b4 15. Nce2
exf5 16. exf5 Ne5 17. Nd5 Nxd5 18. Bxd5 Qc8 19. Bxh6 Bxf5 20. Bg5 Bxg5 21. Qxg5
Bxd3 22. Nf4 Qd8 23. Qxd8 Rbxd8 24. Nxd3 Nxd3 25. Rf3 Ne5 26. Rf5 g6 27. Rf6
Kg7 28. Raf1 Rd7 29. Be6 Ra7 30. Bd5 Rd8 31. g4 Rad7 32. g5 Rh8 33. Kh2 Rh5 34.
Rg1 Rxg5 35. Rxd6 Rxd6 0-1

[Event "ODEM U25-A Oberhof"]
[Site "?"]
[Date "2013.05.21"]
[Round "4.28"]
[White "Alcer, Fabian"]
[Black "Zesewitz, Maik"]
[Result "1/2-1/2"]
[WhiteElo "1732"]
[BlackElo "1552"]
[PlyCount "108"]
[EventDate "2013.??.??"]

1. e4 e5 2. Nf3 Nc6 3. Bc4 Bc5 4. c3 Nf6 5. d3 d6 6. O-O O-O 7. Nbd2 a6 8. Bb3
Be6 9. Re1 Ng4 10. Re2 Ne7 11. h3 Nf6 12. Nf1 Qd7 13. Ng3 Ng6 14. d4 Bxb3 15.
Qxb3 exd4 16. cxd4 Bb6 17. Bg5 Qe6 18. Qc3 Nd7 19. Nf5 d5 20. N3h4 Nxh4 21.
Bxh4 dxe4 22. Ne7+ Kh8 23. Qe3 f5 24. d5 Qf7 25. Qd2 Bc5 26. d6 Bxd6 27. Nd5
Ne5 28. Bg3 Nd3 29. Bxd6 cxd6 30. Nb4 Nxb4 31. Qxb4 Rad8 32. Rd2 d5 33. Rad1
Rd7 34. Rxd5 Rxd5 35. Rxd5 Rc8 36. Qd2 h6 37. Rd7 Qxa2 38. Rxb7 Qc4 39. Kh2 Qe6
40. Qd4 Qf6 41. Qd5 Rd8 42. Qa5 Rd6 43. Qc5 Re6 44. Qc2 Qe5+ 45. Kh1 f4 46. Rb3
e3 47. fxe3 fxe3 48. Qe2 h5 49. Rc3 Kh7 50. Kg1 g6 51. Rc1 Rd6 52. Re1 Rd2 53.
Qxa6 Qe4 54. Qa7+ Kh6 1/2-1/2

[Event "ODEM U25-A Oberhof"]
[Site "?"]
[Date "2013.05.21"]
[Round "4.29"]
[White "Reif, Gerold"]
[Black "Mehling, Franziska"]
[Result "1-0"]
[WhiteElo "1623"]
[BlackElo "1690"]
[PlyCount "49"]
[EventDate "2013.??.??"]

1. e4 c5 2. c4 d6 3. Nc3 Nf6 4. g3 g6 5. Bg2 Bg7 6. Nge2 Nc6 7. d3 Qc7 8. O-O
O-O 9. h3 a6 10. f4 e6 11. g4 Nd7 12. Kh1 Rb8 13. f5 b5 14. Nf4 Nd4 15. Nce2
Nb6 16. Nh5 gxh5 17. f6 Bxf6 18. Rxf6 Qe7 19. Bg5 Kh8 20. Nxd4 cxd4 21. Qf3 Nd7
22. Rf1 Ne5 23. Qf2 Qc7 24. Rxe6 Bxe6 25. Qf6+ 1-0